| 000 | 00836nam a2200265 4500 | ||
|---|---|---|---|
| 003 | OSt | ||
| 005 | 20260601193845.0 | ||
| 008 | 260420b2006 sp a|||| |||| 00| 0 spa d | ||
| 020 | _a9788425221026 | ||
| 020 | _a8425221021 | ||
| 040 |
_aICI _bspa _cICI |
||
| 050 |
_aNA755 _bA54 |
||
| 100 | 1 |
_aAnda, Enrique X. de _d1950 _931236 |
|
| 245 | 1 |
_a La Bauhaus, Bruno Zevi, Italo Calvino y otros temas de la arquitectura mexicana del siglo XX _cEnrique X. de Anda Alanís |
|
| 264 |
_bGG _c2006 _aBarcelona, España |
||
| 300 |
_a275 páginas _c20.0 cm. |
||
| 336 |
_atexto _2rdacontent |
||
| 337 |
_asin medio _2rdamedia |
||
| 338 |
_avolumen _2rdacarrier |
||
| 600 | 1 |
_aZevi, Bruno, _d1918 _931237 |
|
| 600 | 1 | _a Calvino, Italo | |
| 610 | 2 | _aBauhaus | |
| 650 |
_a Calvino, Italo _xHistoria _ySiglo XX _zMéxico _931239 |
||
| 942 |
_2ddc _cB |
||
| 999 |
_c21584 _d21584 |
||